| 000 | 00878cam a22002771 4500 | ||
|---|---|---|---|
| 001 | gs 16000071 | ||
| 003 | DLC | ||
| 005 | 20260227111319.0 | ||
| 008 | 720329s1916 xx 000 0 eng | ||
| 010 | _ags 16000071 | ||
| 035 | _a(OCoLC)272450 | ||
| 040 |
_aDLC _cODaWU _dDLC |
||
| 042 | _apremarc | ||
| 050 | 0 | 0 |
_aQE75 _b.B9 no. 629 |
| 051 |
_aTN880 _b.U6 _cCopy 2. |
||
| 100 | 1 |
_aShaw, Eugene Wesley, _d1881-1935. |
|
| 245 | 1 | 0 | _aNatural gas resources of parts of north Texas. |
| 260 |
_bGovt. Print. Off., _c1916. |
||
| 300 | _a129 p. | ||
| 410 | 2 | 0 |
_aGeological Survey (U.S.) _tBulletin _v629 |
| 650 | 0 |
_aNatural gas _zTexas. |
|
| 700 | 1 |
_aMatson, George Charlton, _d1873- _ejoint author. |
|
| 700 | 1 |
_aWegemann, Carroll H., _d1879- _ejoint author. |
|
| 740 | 0 | _aGas in the area north and west of Fort Worth. | |
| 740 | 0 | _aGas prospects south and southeast of Dallas. | |
| 999 |
_c25627 _d25627 |
||